000 00820nam a2200289Ia 4500
005 20260324134141.0
008 008 260324s9999 xx 000 0 eng d
020 _a9781003580089
037 _aEBOOK
040 _aCRL
040 _beng
040 _cCRL
041 _2eng
041 _aeng
084 _qCRL
100 _aJ.D. Parker
_91195756
245 0 _aCreep and Fracture of Engineering Materials and Structures: Proceedings of the 9th International Conference: Proceedings of the 9th International Conference
245 0 _bProceedings of the 9th International Conference
260 _bTaylor and Francis
260 _c2002
365 _a
365 _b275
856 _uhttp://www.taylorfrancis.com/books/9781003580089
942 _cEBOOK
999 _c1795514
_d1795514